000
00295nam a2200097Ia 4500
082
_a
658.5
245
0
_a
Operations management
100
_a
Heizer, Jay H. Upper Saddle River, N.J., [c.2009] 9th ed., flexible version
_9
85997
942
_c
BK
008
210817s9999 xx 000 0 und d
999
_c
324698
_d
324697